[Event "SZCZYRK OPEN - TURNIEJ Z OKAZJI SWIETA NIEPODLEGLOSCI - BLITZ 3'+2'' "]
[Site "Szczyrk"]
[Date "2018-11-11"]
[Round "1.55"]
[White "Wozniak, Mateusz "]
[Black "Sandomierski, Cyprian"]
[Result "0-1"]
[WhiteTitle ""]
[BlackTitle ""]
[WhiteElo "1106"]
[BlackElo "1472"]

1. d4 Nf6 2. c4 e6 3. Nc3 Bb4 4. Bg5 Bxc3+ 5. bxc3 O-O 6. Nf3 b6 7. e4 h6 8. Bh4
Qe8 9. e5 Nh7 10. Bd3 Bb7 11. Qc2 g6 12. O-O Bxf3 13. gxf3 Nc6 14. Kh1 Ne7 15.
Bxe7 Qxe7 16. Rg1 Kh8 17. Qd2 Ng5 18. Rg3 Rg8 19. h4 Nh7 20. Qxh6 Rg7 21. Kg2
Qa3 22. Rh1 Qxc3 23. Be4 Rag8 24. Rg1 Qxd4 25. Kh3 Qxe5 26. h5 Qxh5+ 27. Qxh5
gxh5 28. Rxg7 Rxg7 29. Rd1 f5 30. Bc2 Ng5+ 31. Kg3 Ne4+ 32. Kf4 Nc3 33. Ra1 a6
34. a4 Ne2+ 35. Ke3 Nc3 36. Kd3 Nxa4 37. Rxa4 a5 38. c5 Rg2 39. Ke2 Kg7 40. cxb6
cxb6 41. Rd4 d5 42. Kf1 Rg6 43. Rd2 Kf6 44. Re2 h4 45. f4 Rg4 46. f3 Rxf4 47.
Kg2 b5 48. Bd3 Rb4 49. Kh3 a4 50. Re1 Rb3 51. Rd1 e5 52. Kxh4 a3 53. Bc2 Rxf3
54. Ra1 b4 55. Rb1 Rf4+ 56. Kg3 a2 57. Ra1 Rc4 58. Bb3 Rc3+ 59. Kf2 Rxb3 60. Rxa2
Rc3 61. Rb2 Rc4 62. Rb3 d4 63. Ke2 e4 64. Kd2 Ke5 65. Ke2 f4 66. Kf2 d3 67. Ke1
Kd4 68. Kd2 e3+ 69. Ke1 Rc1# 0-1

[Event "SZCZYRK OPEN - TURNIEJ Z OKAZJI SWIETA NIEPODLEGLOSCI - BLITZ 3'+2'' "]
[Site "Szczyrk"]
[Date "2018-11-11"]
[Round "1.56"]
[White "Bochenek, Kacper "]
[Black "Sidlo, Szymon"]
[Result "1-0"]
[WhiteTitle ""]
[BlackTitle ""]
[WhiteElo "1463"]
[BlackElo "1103"]

1. e4 e6 2. d4 d5 3. exd5 exd5 4. Nc3 Nf6 5. Be3 Be7 6. Be2 O-O 7. Nf3 Nc6 8. Qd2
Bf5 9. h3 Ne4 10. Nxe4 Bxe4 11. O-O Bb4 12. c3 Be7 13. a3 Bf6 14. Bg5 Bxf3 15.
Bxf6 Qxf6 16. Bxf3 Rfe8 17. Bxd5 Rad8 18. Bf3 Re7 19. Rfe1 Rde8 20. Rxe7 Rxe7
21. Re1 Rxe1+ 22. Qxe1 Kf8 23. Qe2 Qf5 24. Be4 Qe6 25. Bd3 Qf6 26. Bc4 Na5 27.
Bd3 Nb3 28. Qc2 Na5 29. Qa4 Qb6 30. Qc2 Qe6 31. Bf5 Qf6 32. Bg4 Nc6 33. Qe4 Qh6
34. Kh2 Qd6+ 35. g3 Qf6 36. Qf3 Qxf3 37. Bxf3 Ne7 38. Bxb7 Nf5 39. Be4 Nd6 40.
Bd3 Ke7 41. Kg2 Ke6 42. Kf3 Ne8 43. Ke3 Nf6 44. Bc4+ Ke7 45. Ba2 Nd7 46. f4 Nb6
47. Ke4 g6 48. b4 f5+ 49. Ke5 Nd7+ 50. Kd5 Nf6+ 51. Kc4 Ne4 52. g4 fxg4 53. hxg4
Nf6 54. g5 Ng4 55. Bb1 Ne3+ 56. Kc5 Ng2 57. f5 gxf5 58. Bxf5 Nf4 59. Bxh7 Kf7
60. g6+ Kg7 61. Kc6 Ne2 62. Kxc7 Nxc3 63. Kb7 Nb5 64. Kc6 Nxd4+ 65. Kc5 Nc2 66.
a4 Ne3 67. b5 Nf5 68. Kc6 Nd4+ 69. Kb7 Nb3 70. Kxa7 Nc5 71. b6 Kh8 72. b7 1-0

[Event "SZCZYRK OPEN - TURNIEJ Z OKAZJI SWIETA NIEPODLEGLOSCI - BLITZ 3'+2'' "]
[Site "Szczyrk"]
[Date "2018-11-11"]
[Round "1.57"]
[White "Rylski, Tadeusz"]
[Black "Marciniak, Leonard "]
[Result "1-0"]
[WhiteTitle ""]
[BlackTitle ""]
[WhiteElo "1098"]
[BlackElo "1458"]

1. d4 Nf6 2. c4 e6 3. Nf3 b6 4. g3 Bb4+ 5. Bd2 Qe7 6. Bg2 Bb7 7. O-O O-O 8. Bc1
d5 9. Ne5 Nbd7 10. Bg5 Qe8 11. Nxd7 Nxd7 12. Qb3 Bd6 13. c5 Be7 14. Bxe7 Qxe7
15. Rc1 c6 16. Nc3 Rfb8 17. Na4 Ba6 18. e3 Bc4 19. Qd1 Bb5 20. cxb6 axb6 21. Nc3
Ba6 22. a3 f5 23. Ne2 c5 24. Nf4 Nf6 25. h4 g6 26. b3 Rc8 27. a4 Kf7 28. Qd2 c4
29. Rab1 cxb3 30. Rxb3 Rxc1+ 31. Qxc1 Rc8 32. Rc3 Rxc3 33. Qxc3 Qd7 34. Bf3 Qc8
35. Qa3 Qd8 36. Qb4 Ne8 37. Be2 Bxe2 38. Nxe2 Qd6 39. Qb3 Qc6 40. Nf4 Nf6 41.
Nd3 Nd7 42. Qb4 Ke8 43. Kg2 Qc4 44. Qa3 Qc2 45. Nb4 Qc7 46. Nd3 Qc2 47. Nb4 Qc7
48. Nd3 Qc2 49. Nf4 Qc6 50. a5 bxa5 51. Qxa5 Ke7 52. Qa3+ Qd6 53. Qa8 Qb8 54.
Qc6 Qd6 55. Qc8 Qb8 56. Qc3 Qd6 57. Nd3 Qa6 58. Qb4+ Qd6 59. Qa4 Qc7 60. Qa3+
Qd6 61. Nb4 Kf7 62. Qa4 h6 63. Nd3 g5 64. h5 Qe7 65. Qa7 Kf8 66. Ne5 Nxe5 67.
Qb8+ Kf7 68. dxe5 Qe8 69. Qd6 Qe7 70. Qb6 g4 71. Kf1 Qd7 72. Ke2 Qc8 73. Qa7+
Ke8 74. Qa4+ Kf7 75. Qa7+ Ke8 76. Kf1 Qd7 77. Qa8+ Qd8 78. Qa4+ Kf7 79. Qa7+ Qe7
80. Qb8 Qe8 81. Qb6 Qd7 82. Ke2 Qc8 83. Qa7+ Ke8 84. Qa4+ Ke7 85. Qb4+ Ke8 86.
Kd2 Qc7 87. Qa4+ Kf7 88. Qa1 Ke8 89. Qa8+ Kd7 90. Qa4+ Qc6 91. Qb4 Qc7 92. Qb5+
Kd8 93. Qb2 Qa5+ 94. Ke2 Qa6+ 95. Ke1 Kd7 96. Qc3 Qc4 97. Qa3 Qc7 98. Qa4+ Qc6
99. Qa1 Qc4 100. Qa7+ Qc7 101. Qa4+ Qc6 102. Qa7+ Qc7 103. Qa4+ Qc6 104. Qa7+
Qc7 105. Qa4+ 1-0

[Event "SZCZYRK OPEN - TURNIEJ Z OKAZJI SWIETA NIEPODLEGLOSCI - BLITZ 3'+2'' "]
[Site "Szczyrk"]
[Date "2018-11-11"]
[Round "1.58"]
[White "Ochenduszko, Bartosz "]
[Black "Oklinski, Franciszek "]
[Result "1/2-1/2"]
[WhiteTitle ""]
[BlackTitle ""]
[WhiteElo "1453"]
[BlackElo "1098"]

1. d4 Nf6 2. b3 e6 3. Bb2 d5 4. Nf3 c5 5. e3 Nc6 6. Bd3 Be7 7. O-O O-O 8. Nbd2
a6 9. Ne5 Nxe5 10. dxe5 Nd7 11. f4 b5 12. f5 exf5 13. Rxf5 f6 14. Rh5 h6 15. e6
Ne5 16. Bxe5 fxe5 17. Qg4 Bg5 18. h4 Bxe3+ 19. Kh1 Bxd2 20. Qg6 Rf6 21. Qh7+ Kf8
22. Qh8+ Ke7 23. Qxg7+ Kxe6 24. Qg4+ Ke7 25. Rxe5+ Kd6 26. Qg3 Kc6 27. Rd1 Bc3
28. Rh5 Bd7 29. Qg7 Rf1+ 30. Rxf1 Bxg7 31. Rf7 Qe8 32. Rxg7 Qxh5 33. g3 Re8 34.
Rg6+ Qxg6 35. Bxg6 Re1+ 36. Kh2 Bg4 37. Bd3 h5 38. Kg2 Re3 1/2-1/2

[Event "SZCZYRK OPEN - TURNIEJ Z OKAZJI SWIETA NIEPODLEGLOSCI - BLITZ 3'+2'' "]
[Site "Szczyrk"]
[Date "2018-11-11"]
[Round "1.59"]
[White "Jakubiec, Maurycy"]
[Black "Kordela, Monika"]
[Result "0-1"]
[WhiteTitle ""]
[BlackTitle ""]
[WhiteElo "1093"]
[BlackElo "1451"]

1. e4 c5 2. Nf3 d6 3. d4 cxd4 4. Nxd4 Nf6 5. Nc3 g6 6. f3 Bg7 7. Be3 O-O 8. Qd2
Nc6 9. Bc4 Rb8 10. O-O-O b5 11. Bb3 Na5 12. Ncxb5 a6 13. Nc3 Qc7 14. Na4 e5 15.
Ne2 Nxb3+ 16. axb3 Rxb3 17. Kb1 Rb8 18. g4 Rd8 19. h4 Qb7 20. h5 Bd7 21. Nec3
Rdc8 22. Qc1 Qb4 23. b3 Bxa4 24. Nxa4 Qxa4 25. Rxd6 Rxb3+ 26. cxb3 Rxc1+ 27. Kxc1
Qa3+ 28. Kc2 Qxd6 29. Rd1 Qc6+ 30. Kb2 h6 31. hxg6 fxg6 32. g5 hxg5 33. Bxg5 Ne8
34. Rd8 Kf7 35. Rd2 Nd6 36. Bh4 Qb6 37. Rxd6 Qxd6 0-1

[Event "SZCZYRK OPEN - TURNIEJ Z OKAZJI SWIETA NIEPODLEGLOSCI - BLITZ 3'+2'' "]
[Site "Szczyrk"]
[Date "2018-11-11"]
[Round "1.60"]
[White "Polak, Sylwia"]
[Black "Karwot, Marek"]
[Result "1-0"]
[WhiteTitle ""]
[BlackTitle ""]
[WhiteElo "1432"]
[BlackElo "1078"]

1. d4 Nf6 2. c4 c5 3. d5 e5 4. Nc3 d6 5. e4 Be7 6. Nf3 Nbd7 7. Be2 O-O 8. O-O Re8
9. Ne1 Nf8 10. f4 N8d7 11. f5 b6 12. Kh1 Bb7 13. Nc2 Bf8 14. Be3 Qc7 15. g4 h6
16. Qe1 Nh7 17. h4 Be7 18. Qg3 Qd8 19. Bf2 f6 20. Rg1 Ba6 21. b3 Bb7 22. Be3 Bf8
23. Nd1 Qe7 24. Nf2 a6 25. a4 Rac8 26. Nh3 Qf7 27. g5 hxg5 28. hxg5 fxg5 29. Nxg5
Nxg5 30. Qxg5 Nf6 31. Bf3 Rc7 32. Rg2 Be7 33. Qg3 Qf8 34. Rag1 Bd8 35. Rh2 Rf7
36. Qh3 Nh5 37. Bxh5 Rf6 38. Bxe8 1-0

[Event "SZCZYRK OPEN - TURNIEJ Z OKAZJI SWIETA NIEPODLEGLOSCI - BLITZ 3'+2'' "]
[Site "Szczyrk"]
[Date "2018-11-11"]
[Round "1.61"]
[White "Dumin, Karolina"]
[Black "Hampel, Anna "]
[Result "0-1"]
[WhiteTitle ""]
[BlackTitle ""]
[WhiteElo "1078"]
[BlackElo "1426"]

1. d4 Nf6 2. Nf3 g6 3. e3 Bg7 4. Bd2 d6 5. Nc3 O-O 6. Be2 Nbd7 7. O-O e5 8. h3
b6 9. a3 Bb7 10. Na4 Qe7 11. b4 Nh5 12. c3 f5 13. dxe5 dxe5 14. Nb2 Kh8 15. Re1
Rad8 16. Nc4 e4 17. Nd4 Nhf6 18. f3 c5 19. bxc5 bxc5 20. Nc2 Nb6 21. Nxb6 axb6
22. Rb1 Nd5 23. Bc4 Nxc3 24. Bxc3 Rxd1 25. Rexd1 Bxc3 0-1

[Event "SZCZYRK OPEN - TURNIEJ Z OKAZJI SWIETA NIEPODLEGLOSCI - BLITZ 3'+2'' "]
[Site "Szczyrk"]
[Date "2018-11-11"]
[Round "1.62"]
[White "Krupinski, Mikolaj "]
[Black "Mansz, Martyna "]
[Result "1-0"]
[WhiteTitle ""]
[BlackTitle ""]
[WhiteElo "1414"]
[BlackElo "1066"]

1. e4 e5 2. Nf3 d5 3. exd5 Qxd5 4. Nc3 Qe6 5. Bb5+ c6 6. Ba4 b5 7. Bb3 Qf6 8. d3
b4 9. Ne4 Qg6 10. O-O Bd6 11. Nxd6+ Qxd6 12. Nxe5 f6 13. Nf7 Qc5 14. Nxh8 Qh5
15. Qxh5+ g6 16. Nxg6 hxg6 17. Qxg6+ Kd7 18. Qf7+ Kd6 19. Bf4+ Kc5 20. Qc4+ Kb6
21. Qxb4+ Ka6 22. Bc4# 1-0

[Event "SZCZYRK OPEN - TURNIEJ Z OKAZJI SWIETA NIEPODLEGLOSCI - BLITZ 3'+2'' "]
[Site "Szczyrk"]
[Date "2018-11-11"]
[Round "1.63"]
[White "Krasniewski, Piotr "]
[Black "Smolen, Sebastian"]
[Result "0-1"]
[WhiteTitle ""]
[BlackTitle ""]
[WhiteElo "1062"]
[BlackElo "1411"]

1. e4 e6 2. d4 d5 3. e5 c5 4. c3 Nc6 5. Nf3 Qb6 6. Be2 Bd7 7. O-O cxd4 8. cxd4
Nge7 9. b3 Nf5 10. Bb2 Be7 11. g4 Nh4 12. Nxh4 Bxh4 13. h3 Be7 14. Nc3 Rc8 15.
Rc1 Nxd4 16. f4 Nxe2+ 17. Kg2 Nxc3 18. Rxc3 Rxc3 19. Bxc3 Bb4 20. Rf3 Bxc3 21.
Rxc3 Bc6 22. Qc1 d4+ 0-1

[Event "SZCZYRK OPEN - TURNIEJ Z OKAZJI SWIETA NIEPODLEGLOSCI - BLITZ 3'+2'' "]
[Site "Szczyrk"]
[Date "2018-11-11"]
[Round "1.64"]
[White "Malik, Maciej"]
[Black "Tomaszewski, Kamil "]
[Result "1-0"]
[WhiteTitle ""]
[BlackTitle ""]
[WhiteElo "1407"]
[BlackElo "1055"]

1. d4 d5 2. b3 e6 3. Bb2 g6 4. e3 Bg7 5. Bd3 Nf6 6. Nf3 O-O 7. Nbd2 Nc6 8. a3 b6
9. O-O Bb7 10. Qe2 a5 11. Rac1 Re8 12. Ne5 Qd6 13. f4 Nd7 14. Ndf3 Ncxe5 15. Nxe5
Bxe5 16. fxe5 Qe7 17. Rf2 Rac8 18. Rcf1 Rf8 19. Bb5 c6 20. Bd3 c5 21. Bb5 cxd4
22. exd4 Nb8 23. Bc1 Nc6 24. Bxc6 Rxc6 25. a4 Rcc8 26. Qg4 Ra8 27. Bg5 Qd7 28.
Bf6 Ba6 29. Rc1 Qc6 30. Qg5 Rfc8 31. Qh6 Qxc2 32. Rfxc2 Rxc2 33. Qg7# 1-0

[Event "SZCZYRK OPEN - TURNIEJ Z OKAZJI SWIETA NIEPODLEGLOSCI - BLITZ 3'+2'' "]
[Site "Szczyrk"]
[Date "2018-11-11"]
[Round "1.65"]
[White "Kubaszewski, Artur "]
[Black "Wiszniewski, Szymon"]
[Result "0-1"]
[WhiteTitle ""]
[BlackTitle ""]
[WhiteElo "1050"]
[BlackElo "1395"]

1. e4 c5 2. Nf3 d6 3. Nc3 Nc6 4. d4 cxd4 5. Nxd4 Nf6 6. Bb5 Bd7 7. Nxc6 bxc6 8.
Ba4 e5 9. O-O Be7 10. b3 O-O 11. Be3 Qa5 12. Qd3 Rac8 13. f4 exf4 14. Rxf4 Be6
15. Qd4 d5 16. exd5 cxd5 17. Bd2 Bc5 18. Ne2 Bxd4+ 19. Rxd4 Qb6 20. c3 Ne4 21.
Kh1 Bg4 22. Nf4 Rfd8 23. Nxd5 Rxd5 24. Rxd5 Nf2+ 25. Kg1 Nh3+ 26. Kf1 Qf2# 0-1

[Event "SZCZYRK OPEN - TURNIEJ Z OKAZJI SWIETA NIEPODLEGLOSCI - BLITZ 3'+2'' "]
[Site "Szczyrk"]
[Date "2018-11-11"]
[Round "1.66"]
[White "Labedz, Dawid"]
[Black "Kowalska, Julia"]
[Result "1-0"]
[WhiteTitle ""]
[BlackTitle ""]
[WhiteElo "1395"]
[BlackElo "1033"]

1. e4 e5 2. Nf3 Nc6 3. d4 exd4 4. Nxd4 Nf6 5. Nc3 Bb4 6. Nxc6 bxc6 7. Bd3 O-O 8.
Bd2 h6 9. O-O d5 10. e5 Bxc3 11. Bxc3 d4 12. exf6 dxc3 13. fxg7 Re8 14. Re1 cxb2
15. Rxe8+ Qxe8 16. Rb1 Rb8 17. h3 Kxg7 18. Bc4 Be6 19. Bxe6 Qxe6 20. Qd4+ Qf6
21. Qxa7 Rc8 22. Qb7 Rd8 23. Qxc7 Rd2 24. Qg3+ Kh7 25. Kf1 Rxc2 26. Qd3+ Qg6 27.
Qd1 Qe6 28. Qxc2+ Kg7 29. Qxb2+ f6 30. Qb7+ Kg6 31. Qb3 Qe4 32. Qg8+ Kf5 33. Qh7+
Ke5 34. Qxe4+ Kxe4 35. a4 Kd5 36. a5 c5 37. a6 c4 38. a7 c3 39. a8=Q+ Kd4 40.
Qd8+ Kc4 41. Qc7+ Kd3 42. Qd6+ Kc2 43. Qd1# f5 1-0

[Event "SZCZYRK OPEN - TURNIEJ Z OKAZJI SWIETA NIEPODLEGLOSCI - BLITZ 3'+2'' "]
[Site "Szczyrk"]
[Date "2018-11-11"]
[Round "1.67"]
[White "Gibas, Aleksander"]
[Black "Majdanski, Maksymilian "]
[Result "1/2-1/2"]
[WhiteTitle ""]
[BlackTitle ""]
[WhiteElo "1032"]
[BlackElo "1393"]

1. e4 c5 2. c3 d5 3. exd5 Qxd5 4. Nf3 Bg4 5. Be2 Nf6 6. d4 cxd4 7. Qxd4 Nc6 8.
Qxd5 Nxd5 9. O-O e6 10. Be3 Be7 11. Nbd2 Nxe3 12. fxe3 O-O 13. Bd1 Rfd8 14. Nd4
Bxd1 15. Raxd1 Nxd4 16. exd4 b5 17. Nf3 f6 18. Rfe1 Kf7 19. Rf1 b4 20. Ne5+ Ke8
21. Nc6 Rd7 22. Nxe7 Kxe7 23. cxb4 Rad8 24. Rf4 g5 25. Rg4 h5 26. Re4 f5 27. Re3
Rxd4 28. Rxd4 Rxd4 29. Ra3 Rd1+ 30. Kf2 Rd2+ 31. Ke1 Rxb2 32. Rxa7+ Kd6 33. a3
Rxg2 34. Ra6+ Kd5 35. b5 Rb2 36. a4 f4 37. Ra5 f3 38. Kf1 e5 39. b6+ Kc6 40. Rxe5
Kxb6 41. Rxg5 Rxh2 42. Rf5 Rh3 43. a5+ Ka6 44. Kf2 h4 45. Rxf3 Rh2+ 46. Kg1 Ra2
47. Rh3 Ra4 48. Kg2 Kxa5 49. Kf3 Kb5 50. Rh2 Kc5 51. Re2 Kd5 52. Kg2 Ra3 53. Re8
Rg3+ 54. Kh2 Kd4 55. Re1 Ra3 56. Re8 1/2-1/2

[Event "SZCZYRK OPEN - TURNIEJ Z OKAZJI SWIETA NIEPODLEGLOSCI - BLITZ 3'+2'' "]
[Site "Szczyrk"]
[Date "2018-11-11"]
[Round "1.68"]
[White "Drozdzal, Michal "]
[Black "Walentyn, Zuzanna"]
[Result "1-0"]
[WhiteTitle ""]
[BlackTitle ""]
[WhiteElo "1375"]
[BlackElo "1026"]

1. e4 c5 2. Nc3 Nc6 3. Bb5 g6 4. f4 Bg7 5. Bxc6 bxc6 6. Nf3 d5 7. e5 f6 8. O-O
d4 9. Ne4 Qd5 10. d3 f5 11. Ng3 h6 12. Re1 c4 13. dxc4 Qxc4 14. Qxd4 Qxd4+ 15.
Nxd4 Bd7 16. Bd2 e6 17. Bb4 Rc8 18. Ba3 c5 19. Nb3 c4 20. Nd4 c3 21. b3 g5 22.
Nge2 Ne7 23. Bd6 Ng6 24. g3 gxf4 25. Nxf4 Nxf4 26. gxf4 Rg8 27. Kh1 h5 28. Rg1
Kf7 29. Rg3 Bh6 30. Rf3 Rg7 31. Bb4 Rcg8 32. Bxc3 a6 33. Bb2 a5 34. Raf1 Bc8 35.
Rc3 Bb7+ 36. Nf3 Bxf3+ 37. Rcxf3 Rh8 38. Rc3 Ke7 39. Rc7+ Kf8 40. Rxg7 Kxg7 41.
Bc1 Kf7 42. Rd1 Rc8 43. c4 a4 44. Rd7+ Kg6 45. Re7 axb3 46. Rxe6+ Kf7 47. Rf6+
Ke7 48. axb3 Rb8 49. Ba3+ Ke8 50. b4 Kd7 51. Rxh6 Rb7 52. Rh7+ Kc8 53. Rxb7 Kxb7
54. Kg2 h4 55. Kh3 Kc7 56. Kxh4 Kb7 57. Kg5 Kc7 58. Kxf5 Kb7 59. e6 Kc7 60. e7
Kd7 61. Kf6 Ke8 62. h4 Kd7 63. Kf7 Kc6 64. e8=Q+ Kc7 65. Qe7+ Kb6 66. c5+ Ka6
67. Qd6+ Ka7 68. b5 Ka8 69. Qa6+ Kb8 70. Qd6+ Ka8 71. b6 Kb7 72. Qc7+ Ka8 73.
Qa7# 1-0

[Event "SZCZYRK OPEN - TURNIEJ Z OKAZJI SWIETA NIEPODLEGLOSCI - BLITZ 3'+2'' "]
[Site "Szczyrk"]
[Date "2018-11-11"]
[Round "1.69"]
[White "Gawlik, Olivier"]
[Black "Jaworski, Tymon"]
[Result "0-1"]
[WhiteTitle ""]
[BlackTitle ""]
[WhiteElo "1026"]
[BlackElo "1372"]

1. e4 c5 2. Nf3 Nc6 3. d4 cxd4 4. Nxd4 e5 5. Nb5 d6 6. Bd3 a6 7. N5c3 Nf6 8. Nd2
Be7 9. Nf3 O-O 10. O-O h6 11. Re1 Nh7 12. h3 f5 13. exf5 Bxf5 14. Bc4+ Kh8 15.
Bd2 Nf6 16. Nd5 Be6 17. Nxf6 Bxc4 18. Ne4 d5 19. Ng3 e4 20. Nh2 Bh4 21. Nhf1 Qb6
22. b3 Qxf2+ 23. Kh2 Bxf1 24. Nxf1 Qf7 25. Re2 Bf6 26. Re1 Qc7+ 27. Kh1 Bh4 28.
Re2 Bg3 29. Re3 Bf4 30. Re2 Bxd2 31. Rxd2 Rf7 32. Rc1 Raf8 33. Ne3 d4 34. Nd5
Qd8 35. Ne3 Qe8 36. Nd5 Qe6 37. c3 Qxd5 38. cxd4 Qd6 39. d5 Nb4 40. Qe2 e3 41.
Rd3 Rf2 42. Qxe3 Nc2 43. Rxc2 Rxc2 44. Rc3 Rxc3 45. Qxc3 Rf1# 0-1

[Event "SZCZYRK OPEN - TURNIEJ Z OKAZJI SWIETA NIEPODLEGLOSCI - BLITZ 3'+2'' "]
[Site "Szczyrk"]
[Date "2018-11-11"]
[Round "1.70"]
[White "Dalkowski, Rafal "]
[Black "Zalega, Joanna "]
[Result "1-0"]
[WhiteTitle ""]
[BlackTitle ""]
[WhiteElo "1362"]
[BlackElo "1015"]

1. d4 Nf6 2. c4 g6 3. f3 Bg7 4. Nc3 d6 5. e4 O-O 6. Be3 Nc6 7. Qd2 Bd7 8. h4 e5
9. d5 Ne7 10. Nge2 Nc8 11. Ng3 Nb6 12. h5 c5 13. hxg6 fxg6 14. Bg5 Na4 15. Bd3
Qb6 16. Nxa4 Bxa4 17. b3 Bd7 18. Ke2 Qc7 19. Rh2 Rf7 20. Rah1 Bh8 21. Rh4 Re8
22. Qe1 Ree7 23. R1h2 a6 24. a4 Qd8 25. Rh1 Qe8 26. Qc3 Qf8 27. Rb1 Qg7 28. Bh6
Qxh6 29. Rxh6 Bg7 30. Rhh1 Re8 31. b4 cxb4 32. Rxb4 Rb8 33. Rhb1 Bc8 34. Rb6 Rd7
35. c5 dxc5 36. Qxc5 Ne8 1-0

[Event "SZCZYRK OPEN - TURNIEJ Z OKAZJI SWIETA NIEPODLEGLOSCI - BLITZ 3'+2'' "]
[Site "Szczyrk"]
[Date "2018-11-11"]
[Round "1.71"]
[White "Fic, Joanna"]
[Black "Wydmanski, Robert"]
[Result "0-1"]
[WhiteTitle ""]
[BlackTitle ""]
[WhiteElo "1004"]
[BlackElo "1345"]

1. e4 c5 2. Nf3 d6 3. Bb5+ Bd7 4. Bxd7+ Nxd7 5. d4 cxd4 6. Nxd4 e5 7. Nf3 a6 8.
O-O Ngf6 9. Nc3 Be7 10. Bg5 O-O 11. Qe2 Qb6 12. Rab1 h6 13. Bxf6 Nxf6 14. h3 Rac8
15. Rfd1 Rfd8 16. a4 Qc6 17. Nd5 Nxd5 18. exd5 Qxa4 19. b3 Qa2 20. c4 Qxe2 21.
Rd2 Qe4 22. Kh2 Qxb1 23. Rd3 Qxd3 0-1

[Event "SZCZYRK OPEN - TURNIEJ Z OKAZJI SWIETA NIEPODLEGLOSCI - BLITZ 3'+2'' "]
[Site "Szczyrk"]
[Date "2018-11-11"]
[Round "2.1"]
[White "Warakomski, Tomasz "]
[Black "Chaczynski, Kamil"]
[Result "1-0"]
[WhiteTitle ""]
[BlackTitle ""]
[WhiteElo "2572"]
[BlackElo "1486"]

1. e4 c6 2. f3 d5 3. d4 Nf6 4. e5 Nfd7 5. f4 Nb6 6. Bd3 e6 7. c3 c5 8. Nf3 Nc6
9. O-O Bd7 10. Kh1 Rc8 11. dxc5 Bxc5 12. Nbd2 Be7 13. Nb3 Nc4 14. Qe2 N6a5 15.
Nbd4 a6 16. f5 b5 17. fxe6 Bxe6 18. Ng5 Bxg5 19. Nxe6 fxe6 20. Qh5+ g6 21. Bxg6+
hxg6 22. Qxg6+ Kd7 23. Bxg5 Qe8 24. Rf7+ Kc6 25. Qf6 Rxh2+ 26. Kxh2 Qh8+ 27. Kg1
Qxf6 28. exf6 Rg8 29. Rg7 Rf8 30. Re1 Nxb2 31. Rxe6+ Kc5 32. Rc7+ 1-0

[Event "SZCZYRK OPEN - TURNIEJ Z OKAZJI SWIETA NIEPODLEGLOSCI - BLITZ 3'+2'' "]
[Site "Szczyrk"]
[Date "2018-11-11"]
[Round "2.2"]
[White "Kietrys, Maciej"]
[Black "Plichta, Kamil "]
[Result "0-1"]
[WhiteTitle ""]
[BlackTitle ""]
[WhiteElo "1492"]
[BlackElo "2388"]

1. e4 g6 2. d4 Bg7 3. c4 d6 4. Nc3 Nf6 5. h3 O-O 6. Nf3 e5 7. d5 Nh5 8. g4 Nf4
9. Bxf4 exf4 10. Bd3 Nd7 11. Qd2 Ne5 12. Nxe5 Bxe5 13. Ne2 Qf6 14. Rb1 c6 15.
Ng1 f3 16. g5 Qf4 17. Qxf4 Bxf4 18. Nxf3 cxd5 19. cxd5 Bd7 20. h4 Rac8 21. Nd2
Rfe8 22. f3 Rc5 23. Nb3 Rc7 24. Ke2 Rec8 25. Nd2 b5 26. b3 Rc3 27. Rb2 a5 28.
a3 Kg7 29. b4 a4 30. Ra2 h5 31. Raa1 f6 32. gxf6+ Kxf6 33. Rhg1 g5 34. hxg5+ Ke5
35. g6 Kd4 36. Bb1 Re3+ 37. Kf2 h4 38. g7 Bg3+ 0-1

[Event "SZCZYRK OPEN - TURNIEJ Z OKAZJI SWIETA NIEPODLEGLOSCI - BLITZ 3'+2'' "]
[Site "Szczyrk"]
[Date "2018-11-11"]
[Round "2.3"]
[White "Jaroch, Karol"]
[Black "Wiszniewski, Tomasz"]
[Result "1-0"]
[WhiteTitle ""]
[BlackTitle ""]
[WhiteElo "2311"]
[BlackElo "1475"]

1. c4 d5 2. cxd5 Qxd5 3. Nc3 Qd8 4. g3 Nf6 5. Bg2 Bf5 6. Nf3 Nc6 7. O-O e5 8. Qb3
Rb8 9. Ng5 Bg6 10. Qb5 Bd6 11. Bxc6+ bxc6 12. Qxc6+ Nd7 13. Nge4 Rb6 14. Nxd6+
cxd6 15. Qa4 O-O 16. Qxa7 f5 17. Qa5 f4 18. Nd5 fxg3 19. hxg3 Be4 20. Nxb6 Nxb6
21. d3 Ba8 22. Be3 Qf6 23. Qxb6 Qh6 24. Bxh6 1-0

[Event "SZCZYRK OPEN - TURNIEJ Z OKAZJI SWIETA NIEPODLEGLOSCI - BLITZ 3'+2'' "]
[Site "Szczyrk"]
[Date "2018-11-11"]
[Round "2.4"]
[White "Panek, Bartosz "]
[Black "Piotrowski, Przemyslaw "]
[Result "0-1"]
[WhiteTitle ""]
[BlackTitle ""]
[WhiteElo "1478"]
[BlackElo "2287"]

1. e4 c5 2. c3 Nf6 3. e5 Nd5 4. d4 cxd4 5. cxd4 b6 6. Nf3 Bb7 7. Nc3 e6 8. Bd3
d6 9. O-O Nd7 10. Nxd5 Bxd5 11. Bf4 dxe5 12. Nxe5 a6 13. Rc1 Nxe5 14. Bxe5 Bd6
15. Bxd6 Qxd6 16. Qg4 O-O 17. Qg3 Qxg3 18. hxg3 Rfd8 19. Rfd1 Bxa2 20. Rc6 Bb3
21. Ra1 a5 22. Rxb6 a4 23. Rb4 Rab8 24. Rxb8 Rxb8 25. Rc1 Rd8 26. Bc4 Rc8 0-1

[Event "SZCZYRK OPEN - TURNIEJ Z OKAZJI SWIETA NIEPODLEGLOSCI - BLITZ 3'+2'' "]
[Site "Szczyrk"]
[Date "2018-11-11"]
[Round "2.5"]
[White "Kowalczyk, Rafal "]
[Black "Bochenek, Kacper "]
[Result "1-0"]
[WhiteTitle ""]
[BlackTitle ""]
[WhiteElo "2286"]
[BlackElo "1463"]

1. e4 c5 2. c3 e6 3. d4 cxd4 4. cxd4 d6 5. Nc3 Be7 6. Be3 Bd7 7. g3 Nf6 8. Bg2
O-O 9. e5 dxe5 10. dxe5 Nd5 11. Nxd5 exd5 12. Bxd5 Bb4+ 13. Kf1 Bb5+ 14. Kg2 Bc6
15. Bxc6 Nxc6 16. f4 Re8 17. Nf3 f6 18. Qb3+ Kh8 19. e6 Qe7 20. f5 b6 21. Rhd1
Rad8 22. Rxd8 Rxd8 23. Rd1 Rxd1 24. Qxd1 Bd6 25. Qd5 Nd8 26. Qa8 h6 27. Nh4 Kh7
28. Qc8 Qb7+ 29. Qxb7 Nxb7 30. Kf3 Na5 31. b3 Nc6 32. Ke4 Nb4 33. a3 Nc2 34. Bc1
g5 35. fxg6+ Kg7 36. Nf5+ 1-0

[Event "SZCZYRK OPEN - TURNIEJ Z OKAZJI SWIETA NIEPODLEGLOSCI - BLITZ 3'+2'' "]
[Site "Szczyrk"]
[Date "2018-11-11"]
[Round "2.6"]
[White "Sandomierski, Cyprian"]
[Black "Marszalek, Maciej"]
[Result "0-1"]
[WhiteTitle ""]
[BlackTitle ""]
[WhiteElo "1472"]
[BlackElo "2259"]

1. e4 c5 2. Nf3 e6 3. d4 cxd4 4. Nxd4 a6 5. Nc3 Qc7 6. Be3 Nf6 7. f3 Bb4 8. Qd2
d5 9. Bd3 e5 10. a3 Bxc3 11. bxc3 exd4 12. cxd4 Nc6 13. e5 Nd7 14. O-O Na5 15.
Bf4 Nc4 16. Qc1 Qc6 17. Re1 Nf8 18. Bg3 Be6 19. f4 g6 20. Bh4 Nd7 21. h3 h5 22.
c3 Ncb6 23. Re2 Rc8 24. Rc2 Na4 25. Be1 b5 26. Rb1 Ndb6 27. Bh4 Bf5 28. Bxf5 gxf5
29. Bf6 Rg8 30. Rb3 Nd7 31. Bh4 Qg6 32. Bg5 Nf8 33. Re2 Qc6 34. Re3 Qc4 35. Qc2
Qxd4 36. Kf2 Ne6 37. Qxf5 Qa7 38. Qf6 Nac5 39. Rb2 Ne4+ 40. Kf3 Nxf6 41. exf6
Kd7 42. Bh4 Rc4 43. g3 Qc5 44. Rb3 d4 45. cxd4 Nxd4+ 46. Kf2 Rc2+ 47. Kf1 Rc1+
48. Kf2 Qc2+ 49. Re2 Qxe2# 0-1

[Event "SZCZYRK OPEN - TURNIEJ Z OKAZJI SWIETA NIEPODLEGLOSCI - BLITZ 3'+2'' "]
[Site "Szczyrk"]
[Date "2018-11-11"]
[Round "2.7"]
[White "Faron, Rafal "]
[Black "Nagly, Wojciech"]
[Result "1-0"]
[WhiteTitle ""]
[BlackTitle ""]
[WhiteElo "2207"]
[BlackElo "1167"]

1. c4 e5 2. g3 Nf6 3. Bg2 c6 4. Nf3 d5 5. Nxe5 dxc4 6. Nxc4 Be6 7. Ne3 Bc5 8. O-O
O-O 9. Nc3 Nbd7 10. d3 Nb6 11. a3 Nfd5 12. Nexd5 Nxd5 13. Nxd5 Bxd5 14. Bd2 Bxg2
15. Kxg2 Qd5+ 16. Kg1 Rfe8 17. Bc3 Rad8 18. Qc2 Qe6 19. e3 Qd7 20. Rad1 Qh3 21.
Ba5 b6 22. Bb4 Bxb4 23. axb4 Rd6 24. e4 Rh6 25. f4 c5 26. bxc5 bxc5 27. Rf2 Rc8
28. Rc1 Rh5 29. d4 g6 30. e5 Kg7 31. dxc5 Qf5 32. Qxf5 Rxf5 33. b4 h5 34. h4 Rb8
35. Rc4 f6 36. exf6+ Rxf6 37. Ra2 Rb7 38. c6 Rc7 39. b5 Rf5 40. Rb2 Kf7 41. b6
axb6 42. Rxb6 Ke6 43. Rb8 Kd5 44. Rc1 Rf6 45. Rd8+ Ke6 46. Kg2 Ke7 47. Rg8 Rcxc6
48. Rg7+ Kd6 49. Rxc6+ Kxc6 50. Kf3 Kd5 51. Rd7+ Ke6 52. Ra7 Rf7 53. Ra6+ Kf5
54. Ra5+ Ke6 55. Ke4 Rg7 56. Ra6+ Kf7 57. Ke5 Kg8 58. Kf6 Kh7 59. Re6 Ra7 60.
Kg5 Rg7 61. Ra6 Rg8 62. Ra7+ Rg7 63. Rxg7+ Kxg7 64. f5 gxf5 65. Kxf5 Kh6 66. Kf6
Kh7 67. Kg5 Kg7 68. Kxh5 Kh7 69. Kg5 Kg7 70. g4 Kh7 71. h5 Kg7 72. Kf5 Kh6 73.
Kf6 Kh7 74. Kf7 Kh6 75. Kf8 Kg5 76. Kg7 Kxg4 77. h6 Kf5 78. h7 Kg5 79. h8=Q Kf5
80. Qh6 Ke5 81. Qg6 Kd5 82. Qg4 Ke5 83. Kg6 Kd5 84. Qf4 Kc5 85. Qe4 Kb5 86. Qd4
Ka5 87. Qb2 Ka4 88. Kf5 Ka5 89. Kf4 Ka4 90. Kf3 Ka5 91. Kf2 Ka4 92. Kf1 Ka5 93.
Ke1 Ka4 94. Ke2 Ka5 95. Ke3 Ka4 96. Ke4 Ka5 97. Ke5 Ka4 98. Ke6 Ka5 99. Ke7 Ka4
100. Ke8 Ka5 101. Kd8 Ka4 102. Kd7 Ka5 103. Kd6 Ka4 104. Kd5 Ka5 105. Kc6 Ka4
106. Kc5 Ka5 107. Qa3# 1-0